[Event "M.Chigorin Memorial -2016 "]
[Site "Ð¡Ð°Ð½ÐºÑ‚-ÐŸÐµÑ‚ÐµÑ€Ð±ÑƒÑ€Ð³"]
[Date "2016.10.15"]
[Round "1.85"]
[White "Aguera Naredo, Javier"]
[Black "Dushin, Nikolay"]
[Result "1-0"]
[WhiteElo "2367"]
[BlackElo "1948"]
[PlyCount "77"]
[EventDate "2016.10.15"]

1. e4 c5 2. Nf3 e6 3. d4 cxd4 4. Nxd4 Nf6 5. Nc3 d6 6. g4 a6 7. g5 Nfd7 8. h4
Nc6 9. Be3 Qc7 10. f4 b5 11. Nxc6 Qxc6 12. a3 Bb7 13. Qd4 Rc8 14. O-O-O Nc5 15.
Bg2 Na4 16. Rd3 Qc5 17. Qxa4 Qxe3+ 18. Rxe3 bxa4 19. Nxa4 Be7 20. f5 Bc6 21.
Nb6 Rb8 22. Nd5 Bxd5 23. exd5 e5 24. Be4 h6 25. g6 O-O 26. gxf7+ Kxf7 27. Rc3
Rfc8 28. Rc6 a5 29. b3 Rxc6 30. dxc6 Bd8 31. Bd5+ Ke8 32. Kb2 Bb6 33. b4 axb4
34. axb4 Rc8 35. Ra1 h5 36. Ra6 Bd8 37. b5 Rb8 38. c4 Bxh4 39. c7 1-0

[Event "M.Chigorin Memorial -2016 "]
[Site "Ð¡Ð°Ð½ÐºÑ‚-ÐŸÐµÑ‚ÐµÑ€Ð±ÑƒÑ€Ð³"]
[Date "2016.10.15"]
[Round "1.86"]
[White "Shirshov, Nikolay"]
[Black "Gubajdullin, Alexei"]
[Result "0-1"]
[WhiteElo "1945"]
[BlackElo "2367"]
[PlyCount "70"]
[EventDate "2016.10.15"]

1. Nf3 c5 2. g3 b6 3. Bg2 Bb7 4. O-O g6 5. c4 Bg7 6. Nc3 d6 7. e3 Nf6 8. d4 Ne4
9. Nxe4 Bxe4 10. Bd2 cxd4 11. exd4 O-O 12. Re1 d5 13. Rc1 Nc6 14. Bc3 Rc8 15.
Qe2 e6 16. Rcd1 Qc7 17. b3 Rfd8 18. Ba1 Bxf3 19. Bxf3 dxc4 20. d5 exd5 21. Bxg7
Kxg7 22. Qb2+ c3 23. Qxc3+ d4 24. Qb2 Ne5 25. Bg2 Qc3 26. Qa3 d3 27. Qxa7 Qxe1+
28. Rxe1 d2 29. Rxe5 d1=Q+ 30. Bf1 Rc1 31. Qa6 Ra8 32. Qb5 Ra5 33. Qe2 Qxf1+
34. Qxf1 Rxf1+ 35. Kxf1 Rxe5 0-1

[Event "M.Chigorin Memorial -2016 "]
[Site "Ð¡Ð°Ð½ÐºÑ‚-ÐŸÐµÑ‚ÐµÑ€Ð±ÑƒÑ€Ð³"]
[Date "2016.10.15"]
[Round "1.87"]
[White "Vokhidov, Shamsiddin"]
[Black "Shinkevich, Maksim"]
[Result "1-0"]
[WhiteElo "2366"]
[BlackElo "1938"]
[PlyCount "27"]
[EventDate "2016.10.15"]

1. e4 c5 2. Nf3 Nc6 3. Bb5 d6 4. Bxc6+ bxc6 5. O-O Bg4 6. c3 e5 7. h3 Bh5 8. d4
Bxf3 9. Qxf3 cxd4 10. cxd4 exd4 11. Rd1 Qf6 12. Qb3 Qe6 13. Qa4 Qxe4 14. Nc3
1-0

[Event "M.Chigorin Memorial -2016 "]
[Site "Ð¡Ð°Ð½ÐºÑ‚-ÐŸÐµÑ‚ÐµÑ€Ð±ÑƒÑ€Ð³"]
[Date "2016.10.15"]
[Round "1.88"]
[White "Lepaev, Andrey"]
[Black "Sutormin, Danila"]
[Result "0-1"]
[WhiteElo "1935"]
[BlackElo "2363"]
[PlyCount "108"]
[EventDate "2016.10.15"]

1. d4 d6 2. Nf3 Nf6 3. c4 Nbd7 4. g3 e5 5. Nc3 Be7 6. Bg2 O-O 7. O-O Re8 8. d5
a5 9. h3 Nc5 10. Qc2 Nh5 11. e4 g6 12. Be3 b6 13. Qd1 Ng7 14. Nd2 f5 15. f4 Bf6
16. Qc2 exf4 17. Bxf4 Nh5 18. Rae1 Nxf4 19. gxf4 fxe4 20. Ndxe4 Bf5 21. Nxf6+
Qxf6 22. Qd2 Nd3 23. Rxe8+ Rxe8 24. b3 Qd4+ 25. Kh2 Qe3 26. Qxe3 Rxe3 27. Rf3
Rxf3 28. Bxf3 Nxf4 29. Nb5 Nxh3 30. Nxc7 Ng5 31. Bg2 Bb1 32. a3 Ba2 33. Na8
Bxb3 34. Nxb6 Nf7 35. Bf1 Ne5 36. Kg1 Kf8 37. Nc8 Nxc4 38. Bxc4 Bxc4 39. Nxd6
Bxd5 40. Nb5 a4 41. Kf2 h5 42. Kg3 g5 43. Nc3 Bc6 44. Ne2 Kg7 45. Nd4 Bd7 46.
Nf3 Kf6 47. Kf2 g4 48. Nh4 Kg5 49. Ng2 h4 50. Ne3 Bc6 51. Nf1 Kf4 52. Nd2 g3+
53. Kg1 h3 54. Nf1 Bd5 0-1

[Event "M.Chigorin Memorial -2016 "]
[Site "Ð¡Ð°Ð½ÐºÑ‚-ÐŸÐµÑ‚ÐµÑ€Ð±ÑƒÑ€Ð³"]
[Date "2016.10.15"]
[Round "1.89"]
[White "Sergienko, Sergey"]
[Black "Efremov, Vladislav"]
[Result "1/2-1/2"]
[WhiteElo "2361"]
[BlackElo "1933"]
[PlyCount "80"]
[EventDate "2016.10.15"]

1. Nf3 Nf6 2. g3 b5 3. Bg2 Bb7 4. O-O e6 5. d3 Be7 6. e4 d6 7. Nbd2 c5 8. Qe2
Nc6 9. c3 Qb6 10. a3 O-O 11. b4 Nd7 12. Rb1 cxb4 13. axb4 Bf6 14. d4 Rac8 15.
Nb3 a6 16. Be3 Qc7 17. Nfd2 Nb6 18. Rbc1 Qd8 19. f4 Nc4 20. Nxc4 bxc4 21. Nd2
d5 22. e5 Be7 23. f5 exf5 24. Rxf5 Rc7 25. Rcf1 Bc8 26. R5f2 Be6 27. Ra1 Qc8
28. Bf4 Rd7 29. Qe3 Qb7 30. Bg5 Bxg5 31. Qxg5 a5 32. b5 Qxb5 33. Nf1 Qb3 34.
Qc1 Rb8 35. Ne3 Qb5 36. Bf3 Ra7 37. Bd1 Qb6 38. Ba4 Ne7 39. Bd1 Nc6 40. Ba4 Ne7
1/2-1/2

[Event "M.Chigorin Memorial -2016 "]
[Site "Ð¡Ð°Ð½ÐºÑ‚-ÐŸÐµÑ‚ÐµÑ€Ð±ÑƒÑ€Ð³"]
[Date "2016.10.15"]
[Round "1.90"]
[White "Ismagilov, Damir"]
[Black "Yashmetov, Mikhail"]
[Result "1-0"]
[WhiteElo "1927"]
[BlackElo "2359"]
[PlyCount "71"]
[EventDate "2016.10.15"]

1. d4 Nf6 2. Nf3 g6 3. Bg5 Bg7 4. Nbd2 O-O 5. e4 d6 6. Bc4 Nc6 7. c3 e5 8. dxe5
Nxe5 9. Nxe5 dxe5 10. O-O Qe8 11. Qe2 h6 12. Be3 Qe7 13. f3 Kh7 14. a4 a5 15.
Rfd1 Nh5 16. Bd5 Nf4 17. Bxf4 exf4 18. Kh1 h5 19. Nb3 g5 20. Nd4 c5 21. Nb3 Ra7
22. Qb5 Qf6 23. Qxc5 Ra6 24. Nd4 g4 25. Bc4 Qh4 26. Nf5 Bxf5 27. Qxf5+ Rg6 28.
Rd5 Qf2 29. Qxh5+ Bh6 30. Rd7 Qxb2 31. Rad1 gxf3 32. Qxf3 Rg7 33. e5 Kh8 34.
Qh3 Kg8 35. e6 Rg6 36. e7 1-0

[Event "M.Chigorin Memorial -2016 "]
[Site "Ð¡Ð°Ð½ÐºÑ‚-ÐŸÐµÑ‚ÐµÑ€Ð±ÑƒÑ€Ð³"]
[Date "2016.10.15"]
[Round "1.91"]
[White "Bartel, Michal"]
[Black "Mirzaeva, Gulnara"]
[Result "1-0"]
[WhiteElo "2357"]
[BlackElo "1919"]
[PlyCount "61"]
[EventDate "2016.10.15"]

1. e4 c5 2. Nf3 Nc6 3. Bb5 g6 4. Nc3 Bg7 5. O-O Nf6 6. e5 Ng4 7. Bxc6 dxc6 8.
Re1 O-O 9. h3 Nh6 10. Ne4 b6 11. d3 Be6 12. Bf4 Nf5 13. c3 h5 14. Qd2 Bh8 15.
Nfg5 Qd5 16. Nxe6 Qxe6 17. Qe2 Ng7 18. a3 Qd5 19. Bg5 Nf5 20. g4 hxg4 21. hxg4
f6 22. gxf5 fxg5 23. fxg6 Qxe5 24. Qh5 Qg7 25. Qxg5 Rad8 26. Re3 Rd5 27. Qg4
Rdf5 28. Rae1 e5 29. Rh3 Qd7 30. Ng3 Qxd3 31. Rxh8+ 1-0

[Event "M.Chigorin Memorial -2016 "]
[Site "Ð¡Ð°Ð½ÐºÑ‚-ÐŸÐµÑ‚ÐµÑ€Ð±ÑƒÑ€Ð³"]
[Date "2016.10.15"]
[Round "1.92"]
[White "Bondarenko, Dmitry"]
[Black "Sanzhaev, Darsen"]
[Result "0-1"]
[WhiteElo "1918"]
[BlackElo "2353"]
[PlyCount "130"]
[EventDate "2016.10.15"]

1. d4 Nf6 2. Bg5 d5 3. Bxf6 exf6 4. e3 Bd6 5. Bd3 O-O 6. Qh5 g6 7. Qh6 Re8 8.
Ne2 c6 9. Nbc3 b5 10. h4 f5 11. O-O-O Bf8 12. Qf4 Qd6 13. Qf3 Nd7 14. h5 Nf6
15. hxg6 fxg6 16. Nf4 a6 17. g3 Ra7 18. Nce2 Rg7 19. Kb1 a5 20. c3 Ne4 21. Qg2
Rb7 22. Nc1 b4 23. c4 Nc3+ 24. Ka1 Nxd1 25. Rxd1 Be6 26. c5 Qe7 27. Bc2 Bg7 28.
Nfd3 Bd7 29. Ne1 Ra8 30. Ba4 Qe4 31. Nb3 Qxg2 32. Nxg2 Rc7 33. Nc1 Bc8 34. Bc2
Ba6 35. Bd3 Re7 36. Bxa6 Rxa6 37. Kb1 g5 38. Kc2 Bf6 39. Rh1 Kg7 40. Nd3 h6 41.
Kb3 Ra8 42. Nge1 Re6 43. Nf3 Rh8 44. Ka4 Bd8 45. Nfe5 h5 46. Nc1 Bc7 47. f4 g4
48. Rh4 Bd8 49. Rh1 Reh6 50. Ne2 h4 51. Rg1 Rf6 52. Rg2 Bc7 53. gxh4 Rxh4 54.
Ng3 Rh3 55. Nd7 Rf7 56. Nb6 Kg6 57. Kxa5 Re7 58. Nf1 Rf3 59. Rg1 Rf2 60. b3
Rxa2+ 61. Kxb4 Ra1 62. Kc3 Rxe3+ 63. Nxe3 Rxg1 64. Nbxd5 cxd5 65. Nxd5 g3 0-1

[Event "M.Chigorin Memorial -2016 "]
[Site "Ð¡Ð°Ð½ÐºÑ‚-ÐŸÐµÑ‚ÐµÑ€Ð±ÑƒÑ€Ð³"]
[Date "2016.10.15"]
[Round "1.93"]
[White "Ofitserian, Boris"]
[Black "Shmoilov, Dmitry"]
[Result "1-0"]
[WhiteElo "2351"]
[BlackElo "1916"]
[PlyCount "59"]
[EventDate "2016.10.15"]

1. d4 e6 2. c4 Nf6 3. g3 c5 4. d5 exd5 5. cxd5 d6 6. Nc3 g6 7. Bg2 Bg7 8. Nf3
O-O 9. O-O Re8 10. Bf4 a6 11. a4 Ne4 12. Ra3 b6 13. Re1 Ra7 14. Nxe4 Rxe4 15.
Nd2 Rxf4 16. gxf4 Bxb2 17. Rb3 Bg7 18. Qb1 b5 19. axb5 axb5 20. Rxb5 Ra1 21.
Rxb8 Rxb1 22. Rexb1 Bc3 23. Nc4 Kg7 24. Nb6 Qh4 25. Nxc8 Qxf4 26. e3 Qf6 27.
R8b6 Be5 28. f4 Bc3 29. Nxd6 Qe7 30. Nc4 1-0

[Event "M.Chigorin Memorial -2016 "]
[Site "Ð¡Ð°Ð½ÐºÑ‚-ÐŸÐµÑ‚ÐµÑ€Ð±ÑƒÑ€Ð³"]
[Date "2016.10.15"]
[Round "1.94"]
[White "Tarnopolskiy, Lev"]
[Black "Chashchev, Sergey"]
[Result "0-1"]
[WhiteElo "1913"]
[BlackElo "2349"]
[PlyCount "62"]
[EventDate "2016.10.15"]

1. d4 Nf6 2. Nf3 b5 3. Bg5 Ne4 4. Bf4 e6 5. Nbd2 Bb7 6. Nxe4 Bxe4 7. Nd2 Bb7 8.
e4 c5 9. Bxb5 cxd4 10. O-O Qb6 11. Ba4 Nc6 12. Nc4 Qc5 13. b3 Ba6 14. Rb1 Be7
15. Bxc6 dxc6 16. Qg4 g6 17. Be5 Bxc4 18. Bxh8 Bxf1 19. Rxf1 O-O-O 20. Bg7 Qxc2
21. e5 Qf5 22. Qd1 d3 23. Qc1 Kb7 24. Qd2 Rd5 25. Bh6 g5 26. h4 Rxe5 27. hxg5
Re2 28. Qc1 Bc5 29. Qc4 Rxf2 30. Rxf2 Qxf2+ 31. Kh2 Bd6+ 0-1

[Event "M.Chigorin Memorial -2016 "]
[Site "Ð¡Ð°Ð½ÐºÑ‚-ÐŸÐµÑ‚ÐµÑ€Ð±ÑƒÑ€Ð³"]
[Date "2016.10.15"]
[Round "1.95"]
[White "Bronstein, Or"]
[Black "Lapushnian, Eran"]
[Result "1-0"]
[WhiteElo "2348"]
[BlackElo "1910"]
[PlyCount "73"]
[EventDate "2016.10.15"]

1. e4 d6 2. d4 g6 3. Nc3 Bg7 4. Be3 Nf6 5. Be2 O-O 6. h3 c6 7. a4 Nbd7 8. Nf3
e5 9. dxe5 Nxe5 10. Nxe5 dxe5 11. Qxd8 Rxd8 12. Bc4 b6 13. O-O Bb7 14. f4 exf4
15. Bxf4 Rd4 16. Bd3 Re8 17. Rf3 Nd7 18. Raf1 Nc5 19. Be3 Nxd3 20. Rxf7 Ne5 21.
Rxg7+ Kxg7 22. Bxd4 c5 23. Bxe5+ Rxe5 24. Rd1 Re7 25. Kf2 Kf6 26. Nd5+ Bxd5 27.
exd5 Rd7 28. Ke3 Ke5 29. c4 Rf7 30. g3 h6 31. Re1 Kd6 32. Kd3 Rf6 33. Re3 Kd7
34. Ke4 Ke7 35. Rf3 Rd6 36. Ke5 a6 37. Rf7+ 1-0

[Event "M.Chigorin Memorial -2016 "]
[Site "Ð¡Ð°Ð½ÐºÑ‚-ÐŸÐµÑ‚ÐµÑ€Ð±ÑƒÑ€Ð³"]
[Date "2016.10.15"]
[Round "1.96"]
[White "Yaroslavtsev, Artem"]
[Black "Dilmukhametov, Artur"]
[Result "0-1"]
[WhiteElo "1910"]
[BlackElo "2347"]
[PlyCount "80"]
[EventDate "2016.10.15"]

1. e4 e6 2. Nf3 d5 3. Nc3 d4 4. Ne2 c5 5. c3 Nf6 6. d3 Nc6 7. cxd4 cxd4 8. g3
e5 9. Bg2 Be7 10. O-O O-O 11. Nh4 Qb6 12. Nf5 Bxf5 13. exf5 Rac8 14. Bg5 Qxb2
15. Rb1 Qxa2 16. Rxb7 Bd8 17. f4 Nd5 18. Qb1 Qxe2 19. Bxd5 Bxg5 20. fxg5 Nd8
21. Re1 Qd2 22. Rb2 Qxg5 23. Rbe2 Qxf5 24. Rxe5 Qd7 25. Qa2 Nc6 26. Bxc6 Qxc6
27. Qxa7 Qc3 28. R5e4 Rfd8 29. Qe7 h6 30. Rf1 Rf8 31. Qd7 Rcd8 32. Qb5 Rb8 33.
Qe5 Rb4 34. Ref4 Qxd3 35. Rxf7 Rxf7 36. Qe8+ Kh7 37. Qxf7 Rb1 38. Rxb1 Qxb1+
39. Kg2 Qc2+ 40. Kf1 Qe4 0-1

[Event "M.Chigorin Memorial -2016 "]
[Site "Ð¡Ð°Ð½ÐºÑ‚-ÐŸÐµÑ‚ÐµÑ€Ð±ÑƒÑ€Ð³"]
[Date "2016.10.15"]
[Round "1.97"]
[White "Pershin, Denis"]
[Black "Budnikova, Varvara"]
[Result "1-0"]
[WhiteElo "2345"]
[BlackElo "1906"]
[PlyCount "139"]
[EventDate "2016.10.15"]

1. e4 c5 2. Nf3 Nc6 3. Bb5 e6 4. Bxc6 bxc6 5. O-O Ne7 6. b3 Ng6 7. Bb2 d5 8.
Re1 f6 9. d4 Be7 10. Nbd2 O-O 11. c4 Qd7 12. exd5 cxd5 13. cxd5 Qxd5 14. dxc5
Bxc5 15. Ne4 Qxd1 16. Raxd1 Bb4 17. Bc3 Bxc3 18. Nxc3 e5 19. Nd2 Bb7 20. Nc4
Nf4 21. f3 Rad8 22. Rd6 Rxd6 23. Nxd6 Bc6 24. Rd1 Rd8 25. b4 Kf8 26. b5 Ba8 27.
Kf2 g6 28. Nc4 Rxd1 29. Nxd1 Ke7 30. a4 Nd5 31. a5 Kd7 32. Ke2 Nf4+ 33. Kf2 Nd5
34. Ke1 Kc7 35. Kd2 Bb7 36. g3 Ne7 37. Ke2 Nf5 38. b6+ axb6 39. axb6+ Kc6 40.
Kf2 Nd6 41. Nxd6 Kxd6 42. Ne3 e4 43. fxe4 Bxe4 44. Ng4 Kc6 45. Nxf6 Bc2 46.
Nxh7 Kxb6 47. Ke3 Kc6 48. Kf4 Kd6 49. Kg5 Ke7 50. Nf6 Kf7 51. Ng4 Kg7 52. Ne3
Bb1 53. h4 Bd3 54. Ng2 Bc2 55. Nf4 Be4 56. g4 Bc2 57. Ne6+ Kf7 58. Nd4 Bd1 59.
Kf4 Kf6 60. g5+ Kf7 61. Ke5 Kg7 62. Ke6 Bg4+ 63. Ke7 Bd1 64. Ne6+ Kg8 65. Kf6
Bc2 66. Nf4 Kh7 67. Kf7 Bb3+ 68. Ne6 Kh8 69. Kf6 Bc2 70. Nf8 1-0

[Event "M.Chigorin Memorial -2016 "]
[Site "Ð¡Ð°Ð½ÐºÑ‚-ÐŸÐµÑ‚ÐµÑ€Ð±ÑƒÑ€Ð³"]
[Date "2016.10.15"]
[Round "1.98"]
[White "Vasilyev, Alexey"]
[Black "Yandarbiev, Ruslan"]
[Result "1/2-1/2"]
[WhiteElo "1899"]
[BlackElo "2342"]
[PlyCount "119"]
[EventDate "2016.10.15"]

1. d4 Nf6 2. c4 g6 3. Nc3 Bg7 4. e4 O-O 5. Nf3 d6 6. Be2 e5 7. O-O Nc6 8. d5
Ne7 9. b4 Nh5 10. Re1 h6 11. Nd2 Nf4 12. Bf1 f5 13. c5 dxc5 14. bxc5 fxe4 15.
Bc4 Nfxd5 16. Ndxe4 c6 17. Qb3 Kh7 18. Bb2 Nxc3 19. Bxc3 Nf5 20. Rad1 Nd4 21.
Qb2 b5 22. Bd3 Bg4 23. Rd2 a5 24. Nd6 Qg5 25. Ne4 Qf4 26. Ng3 b4 27. Bxd4 exd4
28. Re4 Qg5 29. h3 Bd7 30. Rde2 Rf7 31. Qc2 h5 32. h4 Qh6 33. Re7 Raf8 34. Rxf7
Rxf7 35. Ne4 Rf5 36. Ng5+ Rxg5 37. hxg5 Qxg5 38. f4 Qxf4 39. Bxg6+ Kh6 40. Rf2
Qe3 41. Kf1 Bc8 42. Bd3 Bg4 43. Qd2 a4 44. Bb1 Be6 45. Qc2 d3 46. Qd2 Qxd2 47.
Rxd2 Bc3 48. Rxd3 Bc4 49. Ke2 Bd4 50. Kd2 Bxd3 51. Bxd3 Bxc5 52. Be4 b3 53.
axb3 a3 54. Kc2 Bd4 55. Kb1 c5 56. Ka2 Bb2 57. Bd5 Kg5 58. Ba8 Kf4 59. Bb7 Ke3
60. Ba8 1/2-1/2

[Event "M.Chigorin Memorial -2016 "]
[Site "Ð¡Ð°Ð½ÐºÑ‚-ÐŸÐµÑ‚ÐµÑ€Ð±ÑƒÑ€Ð³"]
[Date "2016.10.15"]
[Round "1.99"]
[White "Gurvich, Vitaly"]
[Black "Kievelitz, Bernd"]
[Result "1-0"]
[WhiteElo "2340"]
[BlackElo "1897"]
[PlyCount "79"]
[EventDate "2016.10.15"]

1. d4 Nf6 2. c4 e6 3. Nf3 b6 4. g3 Bb7 5. Bg2 Be7 6. Nc3 Ne4 7. Bd2 Nxd2 8.
Qxd2 O-O 9. d5 d6 10. O-O e5 11. e4 Nd7 12. Qc2 c5 13. dxc6 Bxc6 14. Rfd1 Qc7
15. Qe2 Nc5 16. Ne1 Ne6 17. Nc2 Rfd8 18. h4 Bf8 19. b3 g6 20. Nb4 Nd4 21. Qd3
Bg7 22. Ne2 Nxe2+ 23. Qxe2 Qb7 24. a4 a5 25. Na2 Bf8 26. Nc3 Rac8 27. Rd3 Kg7
28. Rad1 h5 29. Bh3 Rb8 30. Rf1 Be7 31. Kh2 Rh8 32. Qe3 Qc7 33. f4 exf4 34.
Qxf4 Rbf8 35. Rdf3 f5 36. exf5 Bxf3 37. Rxf3 gxf5 38. Nd5 Qd8 39. Ne3 Kg8 40.
Bxf5 1-0

[Event "M.Chigorin Memorial -2016 "]
[Site "Ð¡Ð°Ð½ÐºÑ‚-ÐŸÐµÑ‚ÐµÑ€Ð±ÑƒÑ€Ð³"]
[Date "2016.10.15"]
[Round "1.100"]
[White "Ismailov, Ulugbek"]
[Black "Timerkhanov, Alexander"]
[Result "0-1"]
[WhiteElo "1895"]
[BlackElo "2340"]
[PlyCount "76"]
[EventDate "2016.10.15"]

1. d4 d5 2. c4 dxc4 3. Nf3 c6 4. Nc3 Nf6 5. e3 Be6 6. Ne5 Nbd7 7. Bxc4 Bxc4 8.
Nxc4 b5 9. Nd2 e6 10. O-O Be7 11. Nde4 Nd5 12. Bd2 O-O 13. Qe2 Qb6 14. Rfc1 f5
15. Ng3 Rae8 16. e4 fxe4 17. Qxe4 Bf6 18. Be3 Nxe3 19. fxe3 e5 20. d5 Nc5 21.
Qc2 e4 22. dxc6 Re5 23. c7 Bg5 24. Nf1 Rc8 25. b4 Nd3 26. Qb3+ Kh8 27. Rc2 Qxc7
28. a4 bxa4 29. Rxa4 h6 30. Raa2 Qb7 31. Nxe4 Rxc2 32. Rxc2 Qxe4 33. Kh1 Re8
34. Qf7 Qe7 35. Rc7 Qxf7 36. Rxf7 Bxe3 37. Rf3 Nf2+ 38. Kg1 Bb6 0-1

[Event "M.Chigorin Memorial -2016 "]
[Site "Ð¡Ð°Ð½ÐºÑ‚-ÐŸÐµÑ‚ÐµÑ€Ð±ÑƒÑ€Ð³"]
[Date "2016.10.15"]
[Round "1.101"]
[White "Yeletsky, Ivan"]
[Black "Kavyev, Ruslan"]
[Result "1-0"]
[WhiteElo "2340"]
[BlackElo "1890"]
[PlyCount "61"]
[EventDate "2016.10.15"]

1. d4 Nf6 2. c4 g6 3. Nf3 Bg7 4. g3 c6 5. Bg2 d5 6. Qa4 O-O 7. O-O Ne4 8. Bf4
Nd7 9. cxd5 cxd5 10. Qb3 Nb6 11. Nc3 Nxc3 12. bxc3 Bf5 13. Ne1 Qc8 14. Nd3 Bh3
15. Bxh3 Qxh3 16. a4 Rac8 17. a5 Nd7 18. Qxb7 Nf6 19. f3 Rxc3 20. Be5 Rc2 21.
Rf2 Rfc8 22. Qxe7 Qf5 23. Qxa7 Bh6 24. Qe7 Bg5 25. h4 Re8 26. Qd6 Be3 27. Qxf6
Qxf6 28. Bxf6 Re6 29. a6 Rcc6 30. a7 Ra6 31. a8=Q+ 1-0

[Event "M.Chigorin Memorial -2016 "]
[Site "Ð¡Ð°Ð½ÐºÑ‚-ÐŸÐµÑ‚ÐµÑ€Ð±ÑƒÑ€Ð³"]
[Date "2016.10.15"]
[Round "1.102"]
[White "Alekseev, Mikhail"]
[Black "Zarubitski, Viachaslau"]
[Result "1/2-1/2"]
[WhiteElo "1878"]
[BlackElo "2340"]
[PlyCount "62"]
[EventDate "2016.10.15"]

1. Nf3 Nf6 2. c4 c6 3. Nc3 d5 4. d4 dxc4 5. a4 Bf5 6. e3 e6 7. Bxc4 Bb4 8. O-O
Nbd7 9. Qb3 Qb6 10. e4 Bg4 11. d5 Nc5 12. Qc2 Bxf3 13. gxf3 exd5 14. exd5 O-O
15. Be3 cxd5 16. Nxd5 Nxd5 17. Bxd5 Rac8 18. Kh1 Qf6 19. Rg1 a5 20. Rg2 Nd7 21.
Qe4 Rfe8 22. Bd4 Rxe4 23. Bxf6 Re1+ 24. Rxe1 Nxf6 25. Rd1 b6 26. Bb7 Rc2 27.
Rd8+ Bf8 28. Rg1 g6 29. b3 Rxf2 30. Rg2 Rf1+ 31. Rg1 Rf2 1/2-1/2

[Event "M.Chigorin Memorial -2016 "]
[Site "Ð¡Ð°Ð½ÐºÑ‚-ÐŸÐµÑ‚ÐµÑ€Ð±ÑƒÑ€Ð³"]
[Date "2016.10.15"]
[Round "1.103"]
[White "Yatzenko, Anton"]
[Black "Shmyrin, Mikhail"]
[Result "1-0"]
[WhiteElo "2339"]
[BlackElo "1871"]
[PlyCount "67"]
[EventDate "2016.10.15"]

1. e4 c5 2. Nf3 g6 3. d4 cxd4 4. Nxd4 Bg7 5. c4 Nc6 6. Nc2 Nf6 7. Nc3 O-O 8.
Be2 d6 9. O-O Be6 10. Bd2 Rc8 11. Rc1 Ne5 12. b3 Bd7 13. Kh1 Bc6 14. f4 Ned7
15. Bf3 a5 16. Nd5 Nc5 17. Bxa5 Qxa5 18. Nxe7+ Kh8 19. Nxc8 Ncxe4 20. Nxd6 Nxd6
21. Bxc6 bxc6 22. Qxd6 Rd8 23. Qxc6 Qh5 24. Qf3 Qf5 25. Ne3 Qc5 26. Nd5 Ne8 27.
b4 Qd4 28. Rfd1 Qb2 29. c5 Qxa2 30. c6 Nd6 31. c7 Re8 32. Nb6 Qe6 33. Qd5 Ne4
34. Qxe6 1-0

[Event "M.Chigorin Memorial -2016 "]
[Site "Ð¡Ð°Ð½ÐºÑ‚-ÐŸÐµÑ‚ÐµÑ€Ð±ÑƒÑ€Ð³"]
[Date "2016.10.15"]
[Round "1.104"]
[White "Mukhtarova, Anastasiia"]
[Black "Gevorgyan, David Sh"]
[Result "0-1"]
[WhiteElo "1869"]
[BlackElo "2335"]
[PlyCount "84"]
[EventDate "2016.10.15"]

1. c4 e5 2. Nc3 d6 3. Nf3 g6 4. d4 Nd7 5. g3 Bg7 6. Bg2 Ngf6 7. e4 O-O 8. O-O
exd4 9. Nxd4 Re8 10. h3 Nc5 11. Re1 c6 12. b4 Ne6 13. Be3 Nxd4 14. Bxd4 Be6 15.
Bf1 Qe7 16. c5 Rad8 17. Qa4 Nd7 18. Bxg7 Kxg7 19. cxd6 Qxd6 20. Rad1 Qb8 21. f4
f6 22. Qc2 Bf7 23. a4 Nf8 24. Ne2 Qc7 25. a5 Rxd1 26. Rxd1 Qe7 27. Rd4 Ne6 28.
Rc4 Nc7 29. Rd4 Nb5 30. Rd1 Qxb4 31. Bg2 Re7 32. a6 Bb3 33. Rb1 Bxc2 34. Rxb4
bxa6 35. Kf2 a5 36. Rc4 Bd3 37. Rxc6 Bxe2 38. Ra6 Bc4 39. Rxa5 Nd6 40. e5 fxe5
41. fxe5 Nf7 42. e6 Bxe6 0-1

[Event "M.Chigorin Memorial -2016 "]
[Site "Ð¡Ð°Ð½ÐºÑ‚-ÐŸÐµÑ‚ÐµÑ€Ð±ÑƒÑ€Ð³"]
[Date "2016.10.15"]
[Round "1.105"]
[White "Borisovsky, Dmitry"]
[Black "Nuritdinov, Nizomiddin"]
[Result "1-0"]
[WhiteElo "2335"]
[BlackElo "1865"]
[PlyCount "119"]
[EventDate "2016.10.15"]

1. e4 c6 2. d4 d5 3. e5 e6 4. Nf3 c5 5. c3 Nc6 6. a3 Qb6 7. b4 cxd4 8. cxd4 Bd7
9. Nc3 Qc7 10. Bd2 a6 11. Rc1 Nh6 12. Bd3 g6 13. O-O Nf5 14. g4 Nh6 15. h3 Ng8
16. b5 axb5 17. Nxb5 Qb6 18. Qb3 Qd8 19. Bb4 Bxb4 20. axb4 Kf8 21. Rc5 Kg7 22.
Nd6 Ra7 23. b5 Na5 24. Qc2 b6 25. Rc3 Ne7 26. Rc1 Rf8 27. Rc7 Rxc7 28. Qxc7 h6
29. Qxd8 Rxd8 30. Rc7 Kf8 31. Nd2 Ng8 32. f4 Ne7 33. Kf2 Be8 34. Rc3 Rd7 35. f5
gxf5 36. gxf5 Nxf5 37. Nxf5 exf5 38. Bxf5 Rd8 39. Bd3 Bd7 40. h4 Rc8 41. Rxc8+
Bxc8 42. Nb1 Ke7 43. Nc3 Be6 44. Na4 Nc4 45. Bxc4 dxc4 46. Nxb6 c3 47. Ke3 c2
48. Kd2 Bb3 49. Nc8+ Kd7 50. Nd6 Kc7 51. Nf5 h5 52. Ng3 Kb6 53. Nxh5 Kxb5 54.
Nf6 Kc4 55. h5 Kxd4 56. h6 Kxe5 57. h7 Kxf6 58. h8=Q+ Ke7 59. Qh4+ Kf8 60. Qb4+
1-0

[Event "M.Chigorin Memorial -2016 "]
[Site "Ð¡Ð°Ð½ÐºÑ‚-ÐŸÐµÑ‚ÐµÑ€Ð±ÑƒÑ€Ð³"]
[Date "2016.10.15"]
[Round "1.106"]
[White "Shapiyanov, Adam"]
[Black "Biriukov, Oleg V"]
[Result "0-1"]
[WhiteElo "1857"]
[BlackElo "2327"]
[PlyCount "148"]
[EventDate "2016.10.15"]

1. e4 c5 2. Nf3 d6 3. d4 cxd4 4. Nxd4 Nf6 5. Nc3 a6 6. Be3 e6 7. f3 b5 8. Qd2
Nbd7 9. g4 h6 10. O-O-O Bb7 11. h4 b4 12. Nce2 d5 13. exd5 Nxd5 14. Bf2 Ne5 15.
Ng3 Rc8 16. Kb1 Bd6 17. Ne4 Bb8 18. g5 hxg5 19. Nxg5 Qf6 20. Rg1 O-O 21. Ne4
Qf4 22. Qxf4 Nxf4 23. Bg3 Nxf3 24. Nxf3 Bxe4 25. Nd4 e5 26. Re1 Bh7 27. Bxf4
exd4 28. Bxb8 Bxc2+ 29. Kc1 Bg6+ 30. Kd1 Rxb8 31. Bxa6 Rb6 32. Bc4 Rf6 33. Re5
Rf5 34. Re7 Bh5+ 35. Ke1 Rf4 36. Rh1 Rc8 37. b3 Rc5 38. Rf1 Rxf1+ 39. Kxf1 Rf5+
40. Kg2 Rf4 41. Kg3 Rf3+ 42. Kg2 Rc3 43. Rd7 Rc2+ 44. Kg3 Rxa2 45. Rxd4 Bg6 46.
Bd5 Ra5 47. Bc4 Kh7 48. Rd7 f5 49. Rb7 Re5 50. Rxb4 Re3+ 51. Kf4 Rh3 52. Ke5
Kh6 53. Be6 Re3+ 54. Kd6 Re4 55. Rb5 Rf4 56. Ke5 Rxh4 57. Bd5 Rh2 58. Rb7 Re2+
59. Kf4 Rf2+ 60. Kg3 Rd2 61. Bc4 Bh5 62. b4 Be2 63. Be6 g6 64. b5 Rd6 65. Bc8
Kg5 66. b6 Ba6 67. Rc7 Bxc8 68. b7 Bxb7 69. Rxb7 Rd3+ 70. Kf2 f4 71. Rb6 Kf5
72. Rb8 g5 73. Rf8+ Kg4 74. Rg8 Rd2+ 0-1

[Event "M.Chigorin Memorial -2016 "]
[Site "Ð¡Ð°Ð½ÐºÑ‚-ÐŸÐµÑ‚ÐµÑ€Ð±ÑƒÑ€Ð³"]
[Date "2016.10.15"]
[Round "1.107"]
[White "Maltsevskaya, Aleksandra"]
[Black "Don, Aleksandr"]
[Result "1-0"]
[WhiteElo "2319"]
[BlackElo "1856"]
[PlyCount "119"]
[EventDate "2016.10.15"]

1. e4 c5 2. Nf3 e6 3. b3 d6 4. Bb2 Nc6 5. d4 cxd4 6. Nxd4 Nf6 7. Bd3 Be7 8. O-O
O-O 9. c4 Nd7 10. Nd2 Nde5 11. N2f3 Nxd3 12. Qxd3 Bf6 13. Nxc6 bxc6 14. Bxf6
gxf6 15. Rad1 Bb7 16. Qxd6 Qxd6 17. Rxd6 c5 18. e5 Bxf3 19. gxf3 fxe5 20. Re1
Rfc8 21. Rxe5 a5 22. Rb6 a4 23. Rb5 axb3 24. axb3 Ra3 25. Rg5+ Kf8 26. Rb7 Ra1+
27. Kg2 Re1 28. h4 Rd1 29. f4 h6 30. Rh5 Kg7 31. f5 Rd6 32. fxe6 Rxe6 33. Rf5
Rf6 34. Rxf6 Kxf6 35. Rb6+ Kg7 36. Rb5 Rc6 37. Kf3 f5 38. Kf4 Kf6 39. h5 Ke6
40. Rb7 Rd6 41. Rh7 Rd4+ 42. Ke3 f4+ 43. Ke2 Kf5 44. Rxh6 Re4+ 45. Kf3 Rd4 46.
Rb6 Rd3+ 47. Ke2 Rh3 48. Rd6 Rxb3 49. Rd5+ Kg4 50. f3+ Kg3 51. Rg5+ Kh4 52.
Rxc5 Rb2+ 53. Kd3 Kg3 54. Ke4 Re2+ 55. Kf5 Kxf3 56. h6 Rh2 57. Kg6 Ke3 58. h7
f3 59. Re5+ Kd4 60. Rf5 1-0

[Event "M.Chigorin Memorial -2016 "]
[Site "Ð¡Ð°Ð½ÐºÑ‚-ÐŸÐµÑ‚ÐµÑ€Ð±ÑƒÑ€Ð³"]
[Date "2016.10.15"]
[Round "1.108"]
[White "Sanarov, Leonid"]
[Black "Drygalov, Andrey"]
[Result "0-1"]
[WhiteElo "1852"]
[BlackElo "2318"]
[PlyCount "84"]
[EventDate "2016.10.15"]

1. c4 e5 2. g3 Nf6 3. Bg2 d5 4. cxd5 Nxd5 5. Nc3 Nb6 6. d3 Be7 7. Nf3 Nc6 8.
O-O O-O 9. b3 Re8 10. Bb2 Bf8 11. Rc1 Bg4 12. h3 Bf5 13. Nd2 Qd7 14. Kh2 Rad8
15. Nce4 Nd4 16. Nc5 Bxc5 17. Rxc5 c6 18. Rc1 Bg6 19. Ne4 Bh5 20. Re1 Qe7 21.
Qd2 f5 22. Nc5 Nd5 23. e4 fxe4 24. Bxd4 exd4 25. Rxe4 Qf7 26. g4 Bg6 27. Rxd4
b6 28. Ne4 Qe6 29. f4 c5 30. Rdc4 Nb4 31. R1c3 Qd7 32. Nf2 Nxd3 33. f5 Qc7+ 34.
Kg1 Re1+ 35. Qxe1 Nxe1 36. fxg6 Nxg2 37. gxh7+ Kxh7 38. Kxg2 Rd2 39. a4 Qc6+
40. Kg3 Qd6+ 41. Kg2 Rb2 42. Re4 Rxf2+ 0-1

[Event "M.Chigorin Memorial -2016 "]
[Site "Ð¡Ð°Ð½ÐºÑ‚-ÐŸÐµÑ‚ÐµÑ€Ð±ÑƒÑ€Ð³"]
[Date "2016.10.15"]
[Round "1.109"]
[White "Matsenko, Andrei"]
[Black "Smirnov, Dmitrii"]
[Result "1-0"]
[WhiteElo "2317"]
[BlackElo "1849"]
[PlyCount "65"]
[EventDate "2016.10.15"]

1. Nf3 e6 2. c4 Nf6 3. Nc3 d5 4. e3 Be7 5. b3 O-O 6. Bb2 Re8 7. Be2 b6 8. O-O
Bb7 9. Rc1 c5 10. d4 Nc6 11. Ne5 dxc4 12. bxc4 Rc8 13. Bf3 Ba8 14. Nxc6 Bxc6
15. d5 Ba8 16. e4 e5 17. Qa4 Qd7 18. Nb5 Bd6 19. Qxa7 Qxa7 20. Nxa7 Bb8 21. Nb5
Bb7 22. g3 Rcd8 23. Rc3 Re7 24. Rb3 Ne8 25. Be2 Nd6 26. Nxd6 Rxd6 27. f4 f6 28.
fxe5 fxe5 29. Bg4 Ba6 30. Rbf3 Re8 31. Bxe5 Bxc4 32. Bxd6 Bxf1 33. Be6+ 1-0